Analysis on the nutrient compositions of Two varieties of Sajna (Moringa Oleifera L. ) leaves and purification, characterization and Structure-Function analysis of Sajna Leaves protein / (Record no. 80416)
[ view plain ]
| 000 -LEADER | |
|---|---|
| fixed length control field | 01028nam a22002417a 4500 |
| 001 - CONTROL NUMBER | |
| RUCL Control Number | 80416 |
| 003 - CONTROL NUMBER IDENTIFIER | |
| rucl marc code | BD-RjUL |
| 005 - DATE AND TIME OF LATEST TRANSACTION | |
| control field | 20230514155724.0 |
| 008 - FIXED-LENGTH DATA ELEMENTS--GENERAL INFORMATION | |
| fixed length control field | 220924s2004 bg a|||| m||| 00| 0 eng d |
| 035 ## - SYSTEM CONTROL NUMBER | |
| system control number | (BD-RjUL)80416 |
| 040 ## - CATALOGING SOURCE | |
| Original cataloging agency | BD-RjUL |
| Language of cataloging | eng |
| Transcribing agency | BD-RjUL |
| Modifying agency | BD-RjUL |
| 041 ## - LANGUAGE CODE | |
| Language code of Book | eng |
| 082 ## - DEWEY DECIMAL CLASSIFICATION NUMBER | |
| DDC Edition number | 23 |
| Classification number | 583.78 |
| Author mark and Year | KHA 2004 |
| 100 ## - MAIN ENTRY--PERSONAL NAME | |
| Personal name | Khatun, Shahanaz |
| 9 (RLIN) | 4957 |
| 245 10 - TITLE STATEMENT | |
| Title | Analysis on the nutrient compositions of Two varieties of Sajna (Moringa Oleifera L. ) leaves and purification, characterization and Structure-Function analysis of Sajna Leaves protein / |
| Statement of responsibility, etc | Shahanaz Khatun ; |
| Name of Supervisor/Co-Supervisor | Supervisor : Nurul, Absar |
| 260 ## - PUBLICATION, DISTRIBUTION, ETC. (IMPRINT) | |
| Place of publication, distribution, etc | Rajshahi : |
| Name of publisher, distributor, etc | Department of Biochemistry and Molecular Biology, University of Rajshahi, |
| Date of publication, distribution, etc | 2004 |
| 300 ## - PHYSICAL DESCRIPTION | |
| Pagination | vii, 114 leaves : |
| Other physical details | ill, ; |
| Dimensions | 29.cm. |
| 502 ## - DISSERTATION NOTE | |
| Dissertation note | Thesis (Ph. D.) -- Department of Biochemistry and Molecular Biology, University of Rajshahi, 2004 |
| 504 ## - BIBLIOGRAPHY, ETC. NOTE | |
| Bibliography, etc | References : Leaves 102 - 113 |
| 650 ## - SUBJECT ADDED ENTRY--TOPICAL TERM | |
| Topical term or geographic name as entry element | Moringa oleifera |
| 9 (RLIN) | 4958 |
| 700 ## - ADDED ENTRY--SUPERVISOR/CO-SUPERVISOR NAME | |
| Personal name | Absar, Nurul, Supervisor |
| 9 (RLIN) | 3389 |
| 942 ## - ADDED ENTRY ELEMENTS (KOHA) | |
| Source of classification or shelving scheme | Dewey Decimal Classification |
| Koha item type | Theses |
| Source of classification or shelving scheme | Damaged status | Not for loan | Collection code | Permanent Location | Current Location | Shelving location | Date of accession | Source of acquisition | Full call number | Barcode | Date last seen | Copy number | Thesis |
|---|---|---|---|---|---|---|---|---|---|---|---|---|---|
| Dewey Decimal Classification | Not For Loan | Theses | Central Library, University of Rajshahi | Central Library, University of Rajshahi | Documentation Section | 21/07/2005 | Controller of Exam. R.U. | THE 583.78 KHA 2004 | D2406 | 24/09/2022 | C-1 | Theses |